000 00753nam a2200205Ii 4500
003 JO-AjNU
008 230605s9999||||xx |||||||||||||| ||und||
040 _aJO-AjNU
_bara
_erda
_cJO-AjNU
041 _aara
050 1 4 _aPJ7505.A28 2000
100 3 _aأبو زيد، علي إبراهيم,
_eauthor
_923802
245 0 0 _aالنصوص الأدبية وتطبيقاتها: اللغوية - النحوية - البلاغية - الإملائية
250 _aط1
264 3 1 _aالعين: دار الكتاب الجامعي، 2000
300 _a240ص
336 _atext
_btxt
_2rdacontent
337 _aunmediated
_bn
_2rdamedia
338 _avolume
_bnc
_2rdacarrier
650 4 _aالأدب العربي - نصوص أدبية - تطبيقات
_923803
999 _aA8668
_c12236
_d12236